000 00568nam a22001577a 4500
003 macl
005 20241215130108.0
008 241215b |||||||| |||| 00| 0 eng d
040 _cmacl
082 _a160
100 _a प्रसाद,एस एन
_983048
245 _aरेल्वे All Exams (Non Technical ,Technical,Group 'D' & RPR/RPSF) Reasoning Chapterwise & Typewise सॉल्‍वड पेपर्स
260 _aDelhi
_bKiran Institute of Career Ecellence
_c2023
650 _aतर्कशक्ति
_973188
942 _2ddc
_cC. BOOKS
999 _c67814
_d67814